书目信息 |
| 题名: |
线性代数与概率论 .下册
|
|
| 作者: | 周誓达 编著 | |
| 分册: | ||
| 出版信息: | 北京 中国人民大学出版社 2005 |
|
| 页数: | 276页 | |
| 开本: | 23cm | |
| 丛书名: | ||
| 单 册: | ||
| 中图分类: | O151.2 , O211 | |
| 科图分类: | ||
| 主题词: | 线性代数--高等学校--技术学校--教学参考资料 , 概率论--高等学校--技术学校--教学参考资料 , 概率论 , 线性代数 | |
| 电子资源: | ||
| ISBN: | 7-300-06637-2 | |
| 000 | 01119nam0 2200301 450 | |
| 000 | 01125nam0 2200301 450 | |
| 000 | 01056nam0 2200277 450 | |
| 000 | 01020oam2 2200265 45 | |
| 005 | 20070722182538.18 | |
| 010 | @a7-300-06637-2@dCNY20.00 | |
| 100 | @a20070626d2005 em y0chiy0120 ea | |
| 101 | 0 | @achi |
| 102 | @aCN@b110000 | |
| 105 | @ay z 000yy | |
| 200 | 1 | @a线性代数与概率论 .下册@AXian Xing Dai Shu Yu Gai Lu^ Lun@f周誓达编著@FZhou Shi Da Bian Zhu |
| 210 | @a北京@c中国人民大学出版社@d2005 | |
| 215 | @a276页@d23cm | |
| 300 | @a高职高专高等数学基础特色教材系列高等数学基础(下)(经济类与管理类) | |
| 330 | @a本书分为线性代数与概率论两部分,第一部分为线性代数,主要内容有行列式、矩阵、线性方程组;第二部分为概率论,主要内容有随机事件及其率、随机变量及其数字特征、几种重要的概率分布。 | |
| 606 | 0 | @a线性代数@x高等学校@x技术学校@j教学参考资料 |
| 606 | 0 | @a概率论@x高等学校@x技术学校@j教学参考资料 |
| 606 | 0 | @a概率论 |
| 606 | 0 | @a线性代数 |
| 690 | @aO151.2@v4 | |
| 690 | @aO211@v4 | |
| 701 | 0 | @a周誓达@AZhou Shi Da@4编著 |
| 801 | 0 | @aCN@bTAOJIN@c20070722 |
| 905 | @a10447@dO151.2@e283:2 | |
| 线性代数与概率论 .下册/周誓达编著.-北京:中国人民大学出版社,2005 |
| 276页;23cm |
| 高职高专高等数学基础特色教材系列高等数学基础(下)(经济类与管理类) |
| ISBN 7-300-06637-2:CNY20.00 |
| 本书分为线性代数与概率论两部分,第一部分为线性代数,主要内容有行列式、矩阵、线性方程组;第二部分为概率论,主要内容有随机事件及其率、随机变量及其数字特征、几种重要的概率分布。 |
| ● |
| 相关链接 |
|
|
|
|
正题名:线性代数与概率论 .下册
索取号:O151.2/283:2
 
预约/预借
| 序号 | 登录号 | 条形码 | 馆藏地/架位号 | 状态 | 备注 |
| 1 | 0823326 | 208233268 | 第二样本阅览室/ [索取号:O151.2/283:2] | 在馆 | |
| 2 | 0823327 | 208233277 | 第三借阅区/ [索取号:O151.2/283:2] | 在馆 | |
| 3 | 0823328 | 208233286 | 第三借阅区/ [索取号:O151.2/283:2] | 在馆 | |
| 4 | 0823329 | 208233295 | 第三借阅区/ [索取号:O151.2/283:2] | 在馆 | |
| 5 | 0823330 | 208233302 | 第三借阅区/ [索取号:O151.2/283:2] | 在馆 | |
| 6 | 0823331 | 208233311 | 第三借阅区/ [索取号:O151.2/283:2] | 在馆 | |
| 7 | 0823332 | 208233320 | 第三借阅区/ [索取号:O151.2/283:2] | 在馆 | |
| 8 | 0823333 | 208233339 | 第三借阅区/ [索取号:O151.2/283:2] | 在馆 |